Spôsoby financovania penzijných systémov bakalárska práca

Gespeichert in:
Bibliographische Detailangaben
1. Verfasser: Tesková, Linda
Körperschaft: Národohospodárska fakulta EU. Katedra financií
Weitere Verfasser: Čambalová, Andrea
Format: Buch
Sprache:Slowakisch
Veröffentlicht: Bratislava 2010
Tags: Tag hinzufügen
Keine Tags, Fügen Sie das erste Tag hinzu!

MARC

LEADER 00000nbm a2200000 4500
001 0133220
005 20161109111514.4
041 0 |a slo 
044 |a SK 
245 1 0 |a Spôsoby financovania penzijných systémov  |b bakalárska práca  |c Linda Tesková ; školiteľ: Andrea Čambalová 
264 1 |a Bratislava  |c 2010 
300 |a 52 s. 
100 1 |a Tesková, Linda 
700 1 |a Čambalová, Andrea 
710 2 |a Národohospodárska fakulta EU. Katedra financií